000 00327 a2200157 4500
001 187878
020 _a85-305-0127-6
040 _cMagnum
100 _aGaldino, Luiz
240 1 0 _aNunca diaga adeus
_lpor
245 1 0 _aNunca diaga adeus
300 _a111
362 0 _a1997
697 _aLITERATURA JUVENIL
942 _cBK
999 _c187878
_d187878